000 00731nam a2200241Ia 4500
003 OSt
005 20220925202107.0
006 a|||||r|||| 00| 0
007 ta
008 220923b |||||||| |||| 00| 0 eng d
037 _cGeneral Book
040 _aRTL
_cRTL
_beng
041 _2eng
_aeng
082 _aU:(G:55), N7
100 _aGuha Ramachandra
245 0 _aVarieties of environmentalism
_b Essays north and south
260 _aDelhi
_bOxford University Press India
_c1997
300 _axxiii,230p.
_ccm.
650 _aGeography - Environment
_9229896
700 _a Martinez-Alier J
_914287
942 _hU:(G:55), N7
_cGB
_2CC
999 _c542493
_d542493